[Event "Parla 25 jub op"]
[Site "Parla"]
[Date "2008.09.10"]
[Round "5"]
[White "Starostits, Ilmars"]
[Black "Mekhitarian, Krikor Sevag"]
[Result "0-1"]
[WhiteElo "2497"]
[BlackElo "2504"]
[PlyCount "48"]
[EventDate "2008.09.06"]
[EventType "swiss"]
[EventRounds "9"]
[EventCountry "ESP"]
[SourceTitle "CBM 126 Extra"]
[Source "ChessBase"]
[SourceDate "2008.11.05"]
[SourceVersion "1"]
[SourceVersionDate "2008.11.05"]
[SourceQuality "1"]

1. e4 e5 2. Nf3 Nc6 3. c3 f5 4. d4 fxe4 5. Nxe5 Nf6 6. Be2 d6 7. Nxc6 bxc6 8.
O-O Be7 9. c4 O-O 10. Nc3 Bf5 11. Bg5 Qd7 12. Qd2 d5 13. c5 Bg4 14. b4 Rae8 15.
a4 Nh5 16. Ra3 Bf3 17. Bxe7 Rxe7 18. Nd1 Nf4 19. Bxf3 exf3 20. Rxf3 Ne2+ 21.
Kh1 Rxf3 22. gxf3 Qh3 23. Rg1 Nxg1 24. Kxg1 Re6 0-1

[Event "It (open)"]
[Site "Rowy (Poland)"]
[Date "2008.09.07"]
[Round "9"]
[White "Jagiello, Adolf"]
[Black "Kocik, Genowefa"]
[Result "1-0"]
[WhiteElo "1443"]
[BlackElo "1551"]
[PlyCount "28"]
[EventDate "2008.??.??"]
[EventRounds "9"]
[EventCountry "POL"]
[SourceTitle "OM OTB B 201907"]
[Source "Opening Master"]
[SourceDate "2019.07.06"]
[SourceVersion "2"]
[SourceVersionDate "2019.07.06"]
[SourceQuality "1"]

1. e4 e5 2. Nf3 Nc6 3. c3 a6 4. Be2 h6 5. d4 Qf6 6. d5 Nb8 7. Be3 b6 8. c4 Bc5
9. Qd3 Bb4+ 10. Bd2 Bxd2+ 11. Nbxd2 Ne7 12. h3 O-O 13. Nh2 d6 14. Ng4 Qg6 1-0

[Event "SB-2008-0-00025"]
[Site "Lechenicher SchachServer"]
[Date "2008.09.05"]
[Round "?"]
[White "Schild, Reinhard"]
[Black "Bujdak, Pavel"]
[Result "1/2-1/2"]
[WhiteElo "1995"]
[BlackElo "1825"]
[PlyCount "49"]
[EventDate "2008.08.26"]
[SourceTitle "OM Corr 202003"]
[Source "Opening Master"]
[SourceDate "2019.05.30"]
[SourceVersion "2"]
[SourceVersionDate "2019.05.30"]
[SourceQuality "1"]

1. e4 e5 2. Nf3 Nc6 3. c3 d5 4. Qa4 Bd7 5. exd5 Nd4 6. Qd1 Nxf3+ 7. Qxf3 Nf6 8.
Bc4 e4 9. Qe2 Bd6 10. d3 O-O 11. dxe4 Nxe4 12. O-O Re8 13. Be3 Qh4 14. g3 Qh3
15. Rd1 Bc5 16. Qf1 Bxe3 17. fxe3 Qh5 18. Rd4 Nd6 19. Rh4 Qe5 20. Nd2 Qxe3+ 21.
Qf2 h6 22. Qxe3 Rxe3 23. Bf1 Re5 24. Rd4 Rae8 25. Nc4 1/2-1/2

[Event "SB-2008-0-00025"]
[Site "Lechenicher SchachServer"]
[Date "2008.09.05"]
[Round "?"]
[White "Schild, Reinhard"]
[Black "Herzog, Klaus"]
[Result "0-1"]
[WhiteElo "1995"]
[BlackElo "1775"]
[PlyCount "26"]
[EventDate "2008.08.26"]
[SourceTitle "OM Corr 202003"]
[Source "Opening Master"]
[SourceDate "2019.05.30"]
[SourceVersion "2"]
[SourceVersionDate "2019.05.30"]
[SourceQuality "1"]

1. e4 e5 2. Nf3 Nc6 3. c3 d5 4. Qa4 Bd7 5. exd5 Nd4 6. Qd1 Nxf3+ 7. Qxf3 Nf6 8.
Bc4 e4 9. Qe2 Bd6 10. d3 O-O 11. dxe4 Nxe4 12. O-O Re8 13. Bd3 Ng3 0-1

[Event "Cesenatico op-A"]
[Site "Cesenatico"]
[Date "2008.09.02"]
[Round "4"]
[White "Klocker, Daniel"]
[Black "Lain, Luigi"]
[Result "1-0"]
[WhiteElo "2075"]
[BlackElo "2252"]
[PlyCount "39"]
[EventDate "2008.08.30"]
[EventType "swiss"]
[EventRounds "9"]
[EventCountry "ITA"]
[SourceTitle "EXT 2010"]
[Source "ChessBase"]
[SourceDate "2009.11.30"]
[SourceVersion "1"]
[SourceVersionDate "2009.11.30"]
[SourceQuality "1"]

1. e4 e5 2. Nf3 Nc6 3. c3 Nf6 4. d4 Nxe4 5. d5 Ne7 6. Nxe5 d6 7. Bb5+ c6 8.
dxc6 bxc6 9. Nxc6 Qb6 10. Qe2 Nxc6 11. Qxe4+ Kd7 12. Na3 g6 13. Be3 Qc7 14. Bd4
Bb7 15. O-O Rg8 16. Rfe1 Qd8 17. Qd5 Bh6 18. Nc4 Kc7 19. Qxf7+ Qd7 20. Qxd7+
1-0

[Event "It (open) (seniors)"]
[Site "Rowy (Poland)"]
[Date "2008.08.31"]
[Round "2"]
[White "Niezgoda, Boleslaw"]
[Black "Sosnowska, Elzbieta"]
[Result "0-1"]
[WhiteElo "1805"]
[BlackElo "2015"]
[PlyCount "44"]
[EventDate "2008.??.??"]
[EventRounds "9"]
[EventCountry "POL"]
[SourceTitle "OM OTB B 201907"]
[Source "Opening Master"]
[SourceDate "2019.07.06"]
[SourceVersion "2"]
[SourceVersionDate "2019.07.06"]
[SourceQuality "1"]

1. e4 e5 2. Nf3 Nc6 3. c3 Nf6 4. Qc2 d5 5. exd5 Qxd5 6. d3 Bf5 7. c4 Qd7 8. Nc3
O-O-O 9. Bg5 Nb4 10. Qd2 Bxd3 11. O-O-O e4 12. Ne5 Qe6 13. f4 Bc5 14. Bxd3
Nxd3+ 15. Nxd3 Rxd3 16. Qc2 Rhd8 17. Rde1 e3 18. Nd5 Rd2 19. Qa4 Rd7 20. b4 Bd4
21. Bxf6 gxf6 22. g4 Bb2+ 0-1

[Event "ZI-00287"]
[Site "LSS"]
[Date "2008.08.31"]
[Round "?"]
[White "Schild, Reinhard"]
[Black "Baer (+), Werner"]
[Result "0-1"]
[WhiteElo "1954"]
[BlackElo "1939"]
[PlyCount "110"]
[EventDate "2008.08.30"]

1. e4 e5 2. Nf3 Nc6 3. c3 d5 4. Qa4 f6 5. Bb5 Nge7 6. exd5 Qxd5 7. O-O e4 8.
Bxc6+ Qxc6 9. Qxc6+ bxc6 10. Nd4 c5 11. Nb5 Kd7 12. Rd1 a6 13. N5a3 Kc6 14. d4
exd3 15. Rxd3 Nd5 16. Rd1 Bd6 17. Nd2 a5 18. Ndc4 Be6 19. Nxd6 cxd6 20. c4 Nb6
21. Bf4 Rad8 22. Rac1 Bf7 23. Bd2 a4 24. Be3 Rhe8 25. Rc3 h5 26. g3 Nd7 27. f4
Nb6 28. Kf2 Re4 29. b3 Be6 30. Rd2 Bg4 31. Nc2 Ra8 32. Ne1 axb3 33. axb3 Ree8
34. Nf3 Ra1 35. Nh4 Bh3 36. Nf3 Rb8 37. Nh4 Rf1+ 38. Ke2 Rb1 39. Ra2 Nc8 40.
Ra6+ Kc7 41. Ra3 Ne7 42. Ra7+ Rb7 43. Rxb7+ Kxb7 44. Nf3 Nc6 45. Nd2 Bg4+ 46.
Kf2 Rd1 47. Nf3 Nb4 48. Nh4 Kb6 49. Kg2 Ka5 50. Nf3 Bf5 51. Rc1 Rd3 52. Nh4 Bg4
53. Bf2 Rxb3 54. h3 Bd7 55. Re1 Nd3 0-1

[Event "Collado Villalba op-A 25th"]
[Site "Collado Villalba"]
[Date "2008.08.30"]
[Round "9"]
[White "Perez Gonzalez, Jose Manuel"]
[Black "Blanco Sanchez, Jose Fernando"]
[Result "1-0"]
[WhiteElo "2255"]
[BlackElo "2169"]
[PlyCount "113"]
[EventDate "2008.08.22"]
[EventType "swiss"]
[EventRounds "9"]
[EventCountry "ESP"]
[SourceTitle "EXT 2009"]
[Source "ChessBase"]
[SourceDate "2008.11.26"]
[SourceVersion "1"]
[SourceVersionDate "2008.11.26"]
[SourceQuality "1"]

1. e4 e5 2. Nf3 Nc6 3. c3 Nf6 4. d4 d6 5. Bb5 Bd7 6. d5 Ne7 7. Bxd7+ Qxd7 8.
Qe2 Ng6 9. O-O Be7 10. c4 h5 11. Nc3 h4 12. Ne1 Nh5 13. Nd3 Bf6 14. c5 dxc5 15.
Nxc5 Nhf4 16. Qd1 Qc8 17. Ne2 Nxg2 18. Kxg2 Qg4+ 19. Ng3 Qxd1 20. Rxd1 hxg3 21.
hxg3 O-O-O 22. Be3 Be7 23. Nd3 Bd6 24. b4 Kb8 25. a4 Ne7 26. f4 Ng6 27. f5 Ne7
28. b5 Rh5 29. a5 Rdh8 30. Bg1 g6 31. fxg6 f5 32. Ra4 Rg8 33. b6 cxb6 34. axb6
a6 35. Bc5 Rxg6 36. Bxd6+ Rxd6 37. Nxe5 fxe4 38. Rxe4 Rxd5 39. Rxd5 Nxd5 40.
Nc4 Rh8 41. g4 Rc8 42. g5 Rc6 43. Rg4 Kc8 44. Kf3 Rg6 45. Ke4 Nf6+ 46. Kf5 Nxg4
47. Kxg6 Kd7 48. Kf5 Nf2 49. Na5 Nd1 50. Kf6 Nc3 51. g6 Ne4+ 52. Ke5 Nd6 53. g7
Nf7+ 54. Kd5 Nh6 55. Nxb7 Ng8 56. Nc5+ Kc8 57. Kd6 1-0

[Event "Yanofsky Memorial op U1800"]
[Site "Winnipeg"]
[Date "2008.08.30"]
[Round "2"]
[White "Gannon, Keith"]
[Black "Swift, Ryne"]
[Result "1/2-1/2"]
[WhiteElo "1659"]
[BlackElo "1450"]
[PlyCount "103"]
[EventDate "2008.08.29"]
[EventType "swiss"]
[EventRounds "5"]
[EventCountry "CAN"]
[SourceTitle "OM OTB B 201907"]
[Source "Opening Master"]
[SourceDate "2019.07.06"]
[SourceVersion "2"]
[SourceVersionDate "2019.07.06"]
[SourceQuality "1"]

1. e4 e5 2. Nf3 Nc6 3. c3 Nf6 4. d3 Bc5 5. Qc2 O-O 6. h3 d6 7. Be2 h6 8. O-O
Be6 9. b3 Bb6 10. Bb2 Qd7 11. Na3 a6 12. Nc4 Bxc4 13. bxc4 Rfe8 14. Rfe1 Re7
15. Bf1 Rae8 16. Rad1 Qc8 17. Bc1 Nd7 18. Be3 Qd8 19. Bxb6 Nxb6 20. Nd2 Re6 21.
Nb3 Nd7 22. Re3 Rg6 23. Qe2 Ree6 24. d4 Re8 25. d5 Ne7 26. Rdd3 Nc8 27. Rg3
Rxg3 28. Rxg3 Qf6 29. Qd3 Ncb6 30. Be2 g6 31. Bg4 Re7 32. Rf3 Qh8 33. Bxd7 Nxd7
34. Qe3 b6 35. a4 a5 36. Qd2 Kg7 37. Kh2 Nf6 38. Qd3 Qe8 39. c5 Qxa4 40. cxd6
cxd6 41. c4 Rc7 42. Nd2 Rc5 43. Re3 b5 44. cxb5 Qxb5 45. Qxb5 Rxb5 46. Nc4 Ne8
47. f3 a4 48. Ra3 Rb4 49. Na5 Nc7 50. Nc6 Nb5 51. Ra1 Rc4 52. Na5 1/2-1/2

[Event "ZL-2008-0-00410"]
[Site "Lechenicher SchachServer"]
[Date "2008.08.30"]
[Round "?"]
[White "Vanni, Leonardo"]
[Black "Leston, Mauricia"]
[Result "0-1"]
[WhiteElo "1500"]
[BlackElo "1120"]
[PlyCount "20"]
[EventDate "2008.08.27"]

1. e4 e5 2. Nf3 Nc6 3. c3 Nf6 4. d3 d5 5. exd5 Nxd5 6. Be2 Bd6 7. O-O O-O 8. a3
a5 9. d4 exd4 10. cxd4 Nf4 0-1

[Event "Polanica Zdroj op-A 44th"]
[Site "Polanica Zdroj"]
[Date "2008.08.25"]
[Round "7"]
[White "Heberla, Bartlomiej"]
[Black "Olszewski, Michal"]
[Result "1/2-1/2"]
[WhiteElo "2510"]
[BlackElo "2458"]
[PlyCount "88"]
[EventDate "2008.08.19"]
[EventType "swiss"]
[EventRounds "10"]
[EventCountry "POL"]
[SourceTitle "CBM 126 Extra"]
[Source "ChessBase"]
[SourceDate "2008.11.05"]
[SourceVersion "1"]
[SourceVersionDate "2008.11.05"]
[SourceQuality "1"]

1. e4 e5 2. Nf3 Nc6 3. c3 d5 4. Qa4 f6 5. Bb5 Nge7 6. exd5 Qxd5 7. O-O Bd7 8.
d4 e4 9. Nfd2 f5 10. Nb3 Nc8 11. Qc4 Qxc4 12. Bxc4 Nb6 13. Be2 Be6 14. f3 exf3
15. Bxf3 Bd6 16. Bf4 O-O 17. Bxd6 cxd6 18. Na3 Bd5 19. Rae1 g6 20. Bxd5+ Nxd5
21. Nb5 Rad8 22. c4 Nf6 23. d5 Nb4 24. Nxa7 Nxa2 25. Nd4 Ra8 26. Nab5 Ne4 27.
g4 Nd2 28. Rf2 Nxc4 29. gxf5 Nb4 30. Rg2 Nd3 31. Rb1 Nf4 32. Rg4 Nxd5 33. fxg6
h5 34. Rh4 Rae8 35. b3 Nd2 36. Rd1 Ne3 37. Re1 Rf6 38. Rh3 Rxg6+ 39. Rg3 Rxg3+
40. hxg3 Re5 41. Nxd6 Ng4 42. Rxe5 Nxe5 43. Nxb7 h4 44. gxh4 Nxb3 1/2-1/2

[Event "Porto San Giorgio op 20th"]
[Site "Porto San Giorgio"]
[Date "2008.08.25"]
[Round "5"]
[White "Aleksic, Nenad"]
[Black "Maiorov, Nikita"]
[Result "1/2-1/2"]
[WhiteElo "2371"]
[BlackElo "2535"]
[PlyCount "52"]
[EventDate "2008.08.21"]
[EventType "swiss"]
[EventRounds "9"]
[EventCountry "ITA"]
[SourceTitle "CBM 126 Extra"]
[Source "ChessBase"]
[SourceDate "2008.11.05"]
[SourceVersion "1"]
[SourceVersionDate "2008.11.05"]
[SourceQuality "1"]

1. e4 e5 2. Nf3 Nc6 3. c3 Nf6 4. d3 d5 5. Nbd2 a5 6. Be2 Bd6 7. O-O O-O 8. b3
Re8 9. a3 b6 10. Bb2 Bb7 11. Re1 Ne7 12. Bf1 Ng6 13. g3 c6 14. Bg2 b5 15. Qc2
Qc7 16. d4 Nxe4 17. Nxe4 dxe4 18. Nxe5 Bxe5 19. dxe5 c5 20. c4 bxc4 21. bxc4
Nxe5 22. Bxe4 Ng6 23. Bxb7 Qxb7 24. h4 Nf8 25. Rab1 Rxe1+ 26. Rxe1 Ne6 1/2-1/2

[Event "Velika Gorica op 8th"]
[Site "Velika Gorica"]
[Date "2008.08.24"]
[Round "3"]
[White "Kristovic, Marijan"]
[Black "Margitic, Zdravko"]
[Result "1-0"]
[WhiteElo "2358"]
[BlackElo "2184"]
[PlyCount "103"]
[EventDate "2008.08.23"]
[EventType "swiss"]
[EventRounds "9"]
[EventCountry "CRO"]
[SourceTitle "CBM 126 Extra"]
[Source "ChessBase"]
[SourceDate "2008.11.05"]
[SourceVersion "1"]
[SourceVersionDate "2008.11.05"]
[SourceQuality "1"]

1. e4 e5 2. Nf3 Nc6 3. c3 g6 4. d4 exd4 5. Nxd4 Bg7 6. Nxc6 bxc6 7. Bc4 Ne7 8.
h4 d5 9. Bb3 Qd6 10. Qe2 a5 11. Bc2 h5 12. Nd2 O-O 13. Nf3 Ba6 14. e5 Qe6 15.
Qe3 Nf5 16. Bxf5 Qxf5 17. Nd4 Qd7 18. f4 Rae8 19. Bd2 Qg4 20. Nf3 c5 21. O-O-O
Rd8 22. Qxc5 Qxg2 23. Nd4 Bc4 24. b3 Bd3 25. Nc6 Rd7 26. Rdg1 Qf3 27. Nd4 Qf2
28. Ne6 Qf3 29. Ng5 Qe2 30. Re1 Qg4 31. e6 fxe6 32. Nxe6 Be4 33. Rxe4 dxe4 34.
Nxf8 Bxf8 35. Qc4+ Kh7 36. Qxe4 Ba3+ 37. Kc2 Re7 38. Qd3 Rd7 39. Qh3 Qxh3 40.
Rxh3 Be7 41. c4 Rd4 42. a4 c6 43. Bxa5 Rxf4 44. Bc7 Rf2+ 45. Kc3 c5 46. a5 Kg8
47. Kd3 Kf7 48. Bb6 Ra2 49. Rf3+ Ke6 50. Re3+ Kf7 51. Re2 Ra3 52. Rxe7+ 1-0

[Event "Lviv Nezalezhnist"]
[Site "Lvov"]
[Date "2008.08.21"]
[Round "1"]
[White "Petriv, Mikhail"]
[Black "Kurka, Anna"]
[Result "1-0"]
[WhiteElo "2047"]
[BlackElo "1824"]
[PlyCount "59"]
[EventDate "2008.08.??"]
[EventRounds "10"]
[EventCountry "UKR"]
[SourceTitle "OM OTB B 201907"]
[Source "Opening Master"]
[SourceDate "2019.07.06"]
[SourceVersion "2"]
[SourceVersionDate "2019.07.06"]
[SourceQuality "1"]

1. e4 e5 2. Nf3 Nc6 3. c3 Nf6 4. d4 d6 5. Bb5 Bd7 6. O-O Be7 7. Re1 O-O 8. Nbd2
h6 9. Nf1 a6 10. Bd3 Re8 11. h3 Qc8 12. Ng3 b5 13. Be3 Nh7 14. Qd2 g5 15. Rac1
Bf6 16. d5 Na7 17. c4 c6 18. dxc6 Nxc6 19. cxb5 axb5 20. Bxb5 Qb7 21. Bxc6 Bxc6
22. Nf5 Be7 23. Nxh6+ Kg7 24. Nf5+ Kg6 25. Nxd6 Bxd6 26. Qxd6+ Re6 27. Nxe5+
Kg7 28. Qd4 f6 29. Nxc6 Rxc6 30. e5 1-0

[Event "Coulsdon Jessie Gilbert"]
[Site "Coulsdon"]
[Date "2008.08.20"]
[Round "5"]
[White "Briscoe, Christopher"]
[Black "Radovanovic, Jovica"]
[Result "0-1"]
[WhiteElo "2232"]
[BlackElo "2325"]
[PlyCount "80"]
[EventDate "2008.08.16"]
[EventType "swiss"]
[EventRounds "10"]
[EventCountry "ENG"]
[SourceTitle "CBM 125 Extra"]
[Source "ChessBase"]
[SourceDate "2008.09.01"]
[SourceVersion "1"]
[SourceVersionDate "2008.09.01"]
[SourceQuality "1"]

1. e4 e5 2. Nf3 Nc6 3. c3 Nf6 4. d4 Nxe4 5. d5 Ne7 6. Nxe5 Ng6 7. Qd4 Bc5 8.
Qxe4 Qe7 9. f4 f6 10. Nd2 fxe5 11. f5 Nf4 12. Nb3 Bb6 13. Bxf4 exf4 14. Qxe7+
Kxe7 15. Bd3 d6 16. Rf1 g5 17. Nd4 Kf6 18. Ne6 c6 19. c4 Bd7 20. O-O-O cxd5 21.
cxd5 a6 22. Kb1 Rac8 23. h4 h6 24. Rh1 Bf2 25. Rdf1 Be3 26. Rh2 Bb5 27. Bxb5
axb5 28. g4 fxg3 29. Re2 Bf2 30. Rexf2 gxf2 31. Rxf2 Rc4 32. h5 Rhc8 33. a3 Rh4
34. Ka2 Rxh5 35. Re2 Rh4 36. b4 h5 37. Rg2 Rg4 38. Rd2 h4 39. Nd4 Rxd4 40. Rxd4
h3 0-1

[Event "World ol U16 13th"]
[Site "Mersin"]
[Date "2008.08.18"]
[Round "2"]
[White "Uzun, Sarp"]
[Black "Rindlisbacher, Jan"]
[Result "0-1"]
[WhiteElo "1988"]
[BlackElo "1999"]
[PlyCount "74"]
[EventDate "2008.08.17"]
[EventType "team"]
[EventRounds "10"]
[EventCountry "TUR"]
[SourceTitle "CBM 126 Extra"]
[Source "ChessBase"]
[SourceDate "2008.11.05"]
[SourceVersion "1"]
[SourceVersionDate "2008.11.05"]
[SourceQuality "1"]

1. e4 e5 2. Nf3 Nc6 3. c3 Nf6 4. d4 Nxe4 5. d5 Ne7 6. Nxe5 Ng6 7. Qf3 Qe7 8.
Nxg6 hxg6 9. Be3 Qe5 10. g3 Bc5 11. Bg2 Nd6 12. O-O Bxe3 13. fxe3 O-O 14. Nd2
b5 15. Rae1 a5 16. e4 Ba6 17. Qf4 Rae8 18. Qxe5 Rxe5 19. b3 Rfe8 20. Rc1 f5 21.
exf5 gxf5 22. c4 bxc4 23. bxc4 Re2 24. Rf2 Re1+ 25. Rxe1 Rxe1+ 26. Bf1 Nxc4 27.
Nxc4 Bxc4 28. Rxf5 Bxa2 29. d6 c6 30. Rxa5 Bc4 31. Rf5 Be6 32. Rf4 Bh3 33. g4
Rxf1+ 34. Rxf1 Bxf1 35. Kxf1 Kf7 36. h4 Ke6 37. h5 Kxd6 0-1

[Event "FICGS__CHESS__CLASS_C__000090"]
[Site "FICGS"]
[Date "2008.08.16"]
[Round "1"]
[White "Laine, Jari"]
[Black "Jerez, Miriam"]
[Result "1-0"]
[WhiteElo "1724"]
[BlackElo "1800"]
[PlyCount "53"]
[EventDate "2008.??.??"]
[SourceTitle "OM Corr 202003"]
[Source "Opening Master"]
[SourceDate "2019.05.30"]
[SourceVersion "2"]
[SourceVersionDate "2019.05.30"]
[SourceQuality "1"]

1. e4 e5 2. Nf3 Nc6 3. c3 Nf6 4. d4 Nxe4 5. d5 Na5 6. b4 c6 7. Be2 cxd5 8. Qxd5
Nf6 9. Qxe5+ Be7 10. Qxa5 Qxa5 11. bxa5 d5 12. Bb5+ Bd7 13. a4 Bxb5 14. axb5
O-O 15. O-O Rac8 16. a6 bxa6 17. Rxa6 Rc7 18. Be3 Ne4 19. Rxa7 Rxa7 20. Bxa7
Bd8 21. Rd1 Nf6 22. b6 Nd7 23. b7 Bc7 24. Rxd5 Nb8 25. Rc5 Rd8 26. Nbd2 Bf4 27.
Rc8 1-0

[Event "EU-ch Seniors 08th"]
[Site "Davos"]
[Date "2008.08.15"]
[Round "7"]
[White "Schmid, Wolfgang"]
[Black "Aijala, Jouko"]
[Result "1-0"]
[WhiteElo "2271"]
[BlackElo "2157"]
[PlyCount "135"]
[EventDate "2008.08.09"]
[EventType "swiss"]
[EventRounds "9"]
[EventCountry "SUI"]
[SourceTitle "CBM 126 Extra"]
[Source "ChessBase"]
[SourceDate "2008.11.05"]
[SourceVersion "1"]
[SourceVersionDate "2008.11.05"]
[SourceQuality "1"]

1. e4 e5 2. Nf3 Nc6 3. c3 Nf6 4. d4 Nxe4 5. d5 Nb8 6. Bd3 Nc5 7. Nxe5 Nxd3+ 8.
Nxd3 Be7 9. O-O d6 10. Qf3 O-O 11. h3 Qd7 12. Bf4 c6 13. Nd2 Na6 14. Nc4 cxd5
15. Qxd5 Nc7 16. Qf3 Ne6 17. Ne3 Nxf4 18. Nxf4 Qb5 19. Nfd5 Bd8 20. b3 Be6 21.
c4 Qc5 22. Rad1 a6 23. Nc3 Qb4 24. Ned5 Qa3 25. Rfe1 Rb8 26. Qg3 b5 27. cxb5
axb5 28. Re2 Qa6 29. Nb4 Qc8 30. Ncd5 Qd7 31. Red2 Kh8 32. Rc2 Ba5 33. Rdc1 Bf5
34. Rc6 Rfd8 35. Ra6 Bxb4 36. Nxb4 Ra8 37. Rac6 d5 38. Rc7 Qe8 39. Qf4 Bg6 40.
Nc6 Rd7 41. Rxd7 Qxd7 42. Ne5 Qe8 43. Nxg6+ hxg6 44. Rc5 Rxa2 45. Rxd5 Ra8 46.
Qe5 Qxe5 47. Rxe5 Rb8 48. Kf1 Kg8 49. b4 Kf8 50. Rc5 Ke7 51. Ke2 Kd6 52. f4 Rb6
53. Kf3 Ke6 54. Ke4 Kd6 55. g4 Rb8 56. h4 Rb7 57. f5 gxf5+ 58. Kxf5 Ke7 59. h5
Rb6 60. Rc7+ Kf8 61. g5 g6+ 62. hxg6 fxg6+ 63. Ke5 Ke8 64. Kd5 Kd8 65. Rc6 Rb7
66. Rxg6 Rf7 67. Kd6 Kc8 68. Kc6 1-0

[Event "Pontevedra op 21st"]
[Site "Pontevedra"]
[Date "2008.08.15"]
[Round "6"]
[White "Fernandez de Pablo, Miguel Angel"]
[Black "Lestao Balseiro, Adrian"]
[Result "0-1"]
[WhiteElo "2232"]
[BlackElo "2202"]
[PlyCount "60"]
[EventDate "2008.08.10"]
[EventType "swiss"]
[EventRounds "9"]
[EventCountry "ESP"]
[SourceTitle "CBM 125 Extra"]
[Source "ChessBase"]
[SourceDate "2008.09.01"]
[SourceVersion "1"]
[SourceVersionDate "2008.09.01"]
[SourceQuality "1"]

1. e4 e5 2. Nf3 Nc6 3. c3 Nf6 4. d4 Nxe4 5. d5 Ne7 6. Nxe5 Ng6 7. Qf3 Nf6 8.
Nxg6 hxg6 9. Be3 Be7 10. Nd2 d6 11. Bb5+ Kf8 12. h3 Bg4 13. Qg3 Bf5 14. c4 a6
15. Ba4 Ng4 16. Bd4 Ne5 17. O-O Bf6 18. Qc3 Rh4 19. f4 Nd3 20. Bxf6 Qxf6 21.
Qxf6 gxf6 22. Bc2 Re8 23. g4 Re2 24. Nf3 Rxh3 25. Bd1 Rg3+ 26. Kh1 Rh3+ 27. Kg1
Rg3+ 28. Kh1 Reg2 29. gxf5 Nxf4 30. Ng1 Rxg1+ 0-1

[Event "Pontevedra op 21st"]
[Site "Pontevedra"]
[Date "2008.08.13"]
[Round "4"]
[White "Fernandez de Pablo, Miguel Angel"]
[Black "Sriram, Jha"]
[Result "0-1"]
[WhiteElo "2232"]
[BlackElo "2429"]
[PlyCount "40"]
[EventDate "2008.08.10"]
[EventType "swiss"]
[EventRounds "9"]
[EventCountry "ESP"]
[SourceTitle "CBM 125 Extra"]
[Source "ChessBase"]
[SourceDate "2008.09.01"]
[SourceVersion "1"]
[SourceVersionDate "2008.09.01"]
[SourceQuality "1"]

1. e4 e5 2. Nf3 Nc6 3. c3 d5 4. Qa4 Bd7 5. exd5 Nd4 6. Qd1 Nxf3+ 7. Qxf3 Nf6 8.
Bc4 e4 9. Qe2 Bd6 10. d3 O-O 11. dxe4 Nxe4 12. O-O Re8 13. Be3 Bxh2+ 14. Kxh2
Qh4+ 15. Kg1 Re5 16. Bd3 Bg4 17. f3 Ng3 18. Qe1 Rae8 19. fxg4 Rxe3 20. Qd2 Re2
0-1

[Event "Peterhof"]
[Site "Peterhof"]
[Date "2008.08.13"]
[Round "2"]
[White "Urjubdshzirov, Erdni"]
[Black "Kotenko, Pavel"]
[Result "1/2-1/2"]
[WhiteElo "2263"]
[BlackElo "2371"]
[PlyCount "111"]
[EventDate "2008.08.12"]
[EventType "tourn"]
[EventRounds "11"]
[EventCountry "RUS"]
[EventCategory "2"]
[SourceTitle "CBM 125 Extra"]
[Source "ChessBase"]
[SourceDate "2008.09.01"]
[SourceVersion "1"]
[SourceVersionDate "2008.09.01"]
[SourceQuality "1"]

1. e4 e5 2. Nf3 Nc6 3. c3 Nf6 4. d4 Nxe4 5. d5 Ne7 6. Nxe5 Ng6 7. Nxg6 hxg6 8.
Qe2 Qe7 9. Bf4 d6 10. Na3 Nf6 11. O-O-O Qxe2 12. Bxe2 Bf5 13. Bb5+ Kd8 14. Rhe1
a6 15. Bf1 Kd7 16. f3 Re8 17. c4 Rxe1 18. Rxe1 g5 19. Bxg5 Rxh2 20. Bf4 Rh1 21.
Bg3 Kd8 22. Nc2 Be7 23. Be2 Rxe1+ 24. Bxe1 Nd7 25. Nd4 Bg5+ 26. Bd2 Bxd2+ 27.
Kxd2 Bb1 28. f4 Ke7 29. g4 Nc5 30. b4 Ne4+ 31. Ke3 Nc3 32. a3 Nxe2 33. Nxe2 Kf6
34. Nc3 Bc2 35. Kd2 Bb3 36. Kd3 Ke7 37. a4 b6 38. a5 Kd7 39. Kd4 bxa5 40. bxa5
Ke7 41. g5 f6 42. gxf6+ gxf6 43. Kd3 Kd7 44. Ne2 Ba4 45. Nd4 Ke7 46. Ne6 c5 47.
f5 Bd1 48. Nf4 Bg4 49. Ke4 Bd1 50. Kd3 Kd7 51. Ng2 Bg4 52. Ke4 Be2 53. Ne3 Ke7
54. Kf4 Kf7 55. Kg3 Kg7 56. Kh3 1/2-1/2

[Event "Stare Mesto op"]
[Site "Stare Mesto"]
[Date "2008.08.12"]
[Round "6"]
[White "Macura, Emil"]
[Black "Brokken, Dennis"]
[Result "0-1"]
[WhiteElo "2075"]
[BlackElo "2266"]
[PlyCount "57"]
[EventDate "2008.08.08"]
[EventType "swiss"]
[EventRounds "10"]
[EventCountry "CZE"]
[SourceTitle "CBM 125 Extra"]
[Source "ChessBase"]
[SourceDate "2008.09.01"]
[SourceVersion "1"]
[SourceVersionDate "2008.09.01"]
[SourceQuality "1"]

1. e4 e5 2. Nf3 Nc6 3. c3 f5 4. d3 Nf6 5. Nbd2 d6 6. Be2 g6 7. O-O Bg7 8. Qc2
O-O 9. Nc4 fxe4 10. dxe4 Nh5 11. Ne3 Nf4 12. Bc4+ Kh8 13. Nd5 Nxd5 14. Bxd5 Ne7
15. Bb3 h6 16. Qd3 Bg4 17. Ne1 g5 18. Bd1 Be6 19. Bh5 Nc6 20. Be2 Bf6 21. f3
Na5 22. g3 Qe8 23. Bd2 Qg6 24. Qb1 Nc6 25. Be3 g4 26. fxg4 Bxg4 27. Bxg4 Qxg4
28. Nf3 Rg8 29. Kg2 0-1

[Event "Latschach op 24th"]
[Site "Latschach"]
[Date "2008.08.12"]
[Round "5"]
[White "Weinberger, Simon"]
[Black "Jeric, Simon"]
[Result "1/2-1/2"]
[WhiteElo "1996"]
[BlackElo "2304"]
[PlyCount "123"]
[EventDate "2008.08.09"]
[EventType "swiss"]
[EventRounds "9"]
[EventCountry "AUT"]
[SourceTitle "CBM 125 Extra"]
[Source "ChessBase"]
[SourceDate "2008.09.01"]
[SourceVersion "1"]
[SourceVersionDate "2008.09.01"]
[SourceQuality "1"]

1. e4 e5 2. Nf3 Nc6 3. c3 d5 4. Qa4 dxe4 5. Nxe5 Qd5 6. Nxc6 bxc6 7. Bc4 Qd6 8.
Qb3 Qg6 9. O-O Bd6 10. Re1 Ne7 11. d3 exd3 12. Qd1 Bf5 13. Nd2 Rd8 14. Nf3 Qh5
15. h3 O-O 16. Nd4 Qxd1 17. Rxd1 Bg6 18. Bg5 c5 19. Bxe7 Bxe7 20. Nc6 Rd7 21.
Nxe7+ Rxe7 22. Bxd3 Bxd3 23. Rxd3 Re2 24. b3 Rc2 25. c4 Re8 26. Rd7 g6 27. Rxc7
Ree2 28. Rf1 Rxa2 29. Rxc5 Reb2 30. Rb5 Ra3 31. c5 Raxb3 32. Rxb3 Rxb3 33. Ra1
Rb7 34. Kf1 Re7 35. c6 Kf8 36. Rb1 Rc7 37. Rb7 Rxc6 38. Rxa7 Rc2 39. g3 Kg7 40.
Ra6 g5 41. Kg2 h5 42. Rb6 Rc4 43. Rb5 Kg6 44. Rb6+ f6 45. Rb8 h4 46. g4 Kf7 47.
Rb5 Rd4 48. Rb6 Ke7 49. Ra6 Rd6 50. Ra7+ Ke6 51. Ra8 Ke5 52. Re8+ Re6 53. Ra8
Kf4 54. Ra4+ Re4 55. Ra6 f5 56. gxf5 Kxf5 57. Ra8 g4 58. Rf8+ Kg5 59. Rg8+ Kf5
60. Rf8+ Kg5 61. Rg8+ Kf5 62. Rg7 1/2-1/2